000 00745cam a2200217 i 4500
005 20251108170038.0
008 250721s1998 ua gr 000 0 ara d
082 1 4 _a401
_bب ا ي
100 1 _aباي، ماريو
_eمؤلف.
240 1 0 _ainvitation to linguistigs.
245 1 0 _aأسس علم اللغة /
_cتأليف ماريو باي ؛ ترجمة وتعليق الدكتور أحمد مختار عمر.
250 _aالطبعة الثامنة.
264 1 _aالقاهرة :
_bعالم الكتب،
_c1998.
300 _a291صفحة.
650 1 7 _aاللسانيات.
650 1 7 _aاللغات.
650 1 7 _aعلم الأصوات.
650 1 7 _aعلم الدلالة.
942 _2ddc
_cBK
999 _c38306
_d38306